SQL Server 2005 : Lập trình nâng cao

Cuốn sách "SQL Server 2005 - Lập trình nâng cao" nằm trong bộ giáo trình SQL Server 2005. Nội dung tập trung giới thiệu nhiều nội dung nâng cao giúp cho bạn đọc tìm hiểu các kỹ thuật mới và dịch vụ mở rộng trong SQL Server 2005....

Full beskrivning

Sparad:
Bibliografiska uppgifter
Huvudupphovsman: Phạm, Hữu Khang
Materialtyp: Bok
Språk:Undetermined
Publicerad: Hà Nội Lao động - Xã hội 2008
Ämnen:
Taggar: Lägg till en tagg
Inga taggar, Lägg till första taggen!
Thư viện lưu trữ: Trung tâm Học liệu Trường Đại học Cần Thơ
LEADER 01129nam a2200253Ia 4500
001 CTU_136092
008 210402s9999 xx 000 0 und d
020 |c 86000 
082 |a 005.113 
082 |b Kh106 
100 |a Phạm, Hữu Khang 
245 0 |a SQL Server 2005 : 
245 0 |b Lập trình nâng cao 
245 0 |c Phạm Hữu Khang chủ biên ; Đoàn Thiện Ngân hiệu đính 
260 |a Hà Nội 
260 |b Lao động - Xã hội 
260 |c 2008 
520 |a Cuốn sách "SQL Server 2005 - Lập trình nâng cao" nằm trong bộ giáo trình SQL Server 2005. Nội dung tập trung giới thiệu nhiều nội dung nâng cao giúp cho bạn đọc tìm hiểu các kỹ thuật mới và dịch vụ mở rộng trong SQL Server 2005. 
526 |a Hệ quản trị cơ sở dữ liệu địa chính 
526 |b NN297 
650 |a Computer programs,SQL server 
650 |x SQL server,Lập trình máy tính 
904 |i Trọng Hiếu 
980 |a Trung tâm Học liệu Trường Đại học Cần Thơ